World Countries A-Z - Statistics

General Stats
  • This quiz has been taken 936 times
  • The average score is 93 of 196
Answer Stats
Hint Country % Correct
A Afghanistan
91%
A Albania
86%
A Algeria
74%
A Azerbaijan
74%
A Australia
73%
A Austria
73%
A Andorra
71%
A Armenia
70%
A Angola
69%
A Argentina
68%
A Antigua and Barbuda
67%
Q Qatar
67%
O Oman
66%
B Bahamas
65%
D Denmark
65%
F France
65%
J Jamaica
65%
B Barbados
64%
F Fiji
63%
F Finland
63%
H Haiti
63%
J Jordan
63%
B Bahrain
62%
B Bangladesh
62%
H Honduras
62%
D Djibouti
61%
J Japan
61%
Y Yemen
61%
Z Zimbabwe
61%
H Hungary
60%
R Rwanda
60%
Z Zambia
60%
B Belgium
59%
D Dominica
58%
D Dominican Republic
58%
I Iceland
58%
I India
58%
K Kazakhstan
58%
L Laos
58%
B Belize
57%
C Canada
57%
G Gabon
57%
G Gambia, The
57%
I Ireland
56%
L Latvia
56%
R Romania
56%
R Russia
56%
B Burundi
55%
C Cambodia
55%
C Cameroon
55%
E Eritrea
55%
V Venezuela
55%
B Belarus
54%
B Benin
54%
E Ecuador
54%
E Estonia
54%
G Germany
54%
I Indonesia
54%
V Vanuatu
54%
E East Timor
53%
G Guinea
53%
G Guyana
53%
P Pakistan
53%
B Bhutan
52%
B Botswana
52%
C Chile
52%
C Czech Republic
52%
E Ethiopia
52%
G Guinea-Bissau
52%
I Iran
52%
I Iraq
52%
I Italy
52%
K Kenya
52%
K Kyrgyzstan
52%
L Luxembourg
52%
N Namibia
52%
U Uzbekistan
52%
B Bolivia
51%
B Brazil
50%
B Brunei
50%
B Burkina Faso
50%
E El Salvador
50%
I Israel
50%
K Kiribati
50%
L Lithuania
50%
M Macedonia
50%
U United Kingdom
50%
V Vietnam
50%
B Bulgaria
49%
E Egypt
49%
G Ghana
49%
G Guatemala
49%
U United States of America
49%
B Bosnia and Herzegovina
48%
K Kosovo
48%
L Liberia
48%
L Libya
48%
P Palau
48%
P Paraguay
48%
P Poland
48%
U Uruguay
48%
V Vatican City
48%
C Chad
47%
L Lesotho
47%
P Panama
47%
P Peru
47%
P Portugal
47%
U Uganda
47%
C Colombia
46%
L Lebanon
46%
N Nauru
46%
N Norway
46%
U United Arab Emirates
46%
B Burma
45%
C Cape Verde
45%
G Grenada
45%
L Liechtenstein
45%
M Madagascar
45%
N Niger
45%
N Nigeria
45%
G Georgia
44%
K Kuwait
44%
C Cyprus
43%
E Equatorial Guinea
43%
M Mali
43%
S Switzerland
43%
S Syria
43%
T Turkmenistan
43%
C China
42%
N Nepal
42%
N Netherlands
41%
N North Korea
41%
S Saint Lucia
41%
S Saint Vincent and the Grenadines
41%
T Turkey
41%
C Comoros
40%
G Greece
40%
M Malawi
40%
M Maldives
40%
N Nicaragua
40%
P Papua New Guinea
40%
P Philippines
40%
S Saint Kitts and Nevis
40%
S Samoa
40%
S Sweden
40%
T Tuvalu
40%
U Ukraine
39%
C Costa Rica
38%
M Malaysia
38%
M Mauritania
38%
T Taiwan
38%
T Tanzania
38%
C Croatia
37%
T Tajikistan
37%
T Thailand
37%
T Tonga
37%
C Cuba
36%
M Mauritius
36%
S Swaziland
36%
M Malta
35%
M Mexico
35%
T Togo
35%
S San Marino
34%
S Senegal
34%
C Central African Republic
33%
M Mozambique
33%
S Sao Tome and Principe
33%
M Marshall Islands
32%
S Serbia
32%
S South Korea
32%
T Trinidad and Tobago
32%
M Moldova
31%
M Monaco
31%
M Montenegro
31%
S Sudan
31%
N New Zealand
30%
S Seychelles
30%
S South Sudan
30%
C Congo, Democratic Republic of the
29%
M Mongolia
28%
S Somalia
28%
S South Africa
28%
S Singapore
27%
S Slovakia
27%
S Slovenia
27%
T Tunisia
27%
C Congo, Republic of the
26%
C Côte d’Ivoire
26%
S Spain
26%
S Suriname
26%
S Saudi Arabia
24%
M Morocco
23%
S Solomon Islands
23%
S Sri Lanka
22%
S Sierra Leone
21%
M Micronesia, Federated States of
5%
No matching quizzes found
Score Distribution
Percent of People with Each Score
Percentile by Number Answered
Your Score History
You have not taken this quiz